[Event "Krasnodar Winter A Rating"]
[Site "Krasnodar"]
[Date "2011.01.31"]
[Round "12"]
[White "Bogachkov, Vladislav"]
[Black "Papazian, Sergey"]
[Result "0-1"]
[WhiteElo "1959"]
[BlackElo "1994"]
[PlyCount "118"]
[EventDate "2011.01.24"]
[EventType "tourn"]
[EventRounds "13"]
[EventCountry "RUS"]
[SourceTitle "EXT 2022"]
[Source "ChessBase"]
[SourceDate "2021.10.06"]
[SourceVersion "1"]
[SourceVersionDate "2021.10.06"]
[SourceQuality "1"]

1. d4 Nf6 2. Nf3 d5 3. c4 e6 4. Nc3 Be7 5. Bg5 c6 6. e3 Nbd7 7. Bd3 h6 8. Bh4 b6 9. 0-0 Bb7 10. Rc1 Rc8 11. Qe2 Ne4 12. Bxe7 Nxc3 13. Rxc3 Qxe7 14. cxd5 exd5 15. Ba6 Bxa6 16. Qxa6 Rc7 17. Rfc1 c5 18. Qb5 0-0 19. b4 Rfc8 20. bxc5 bxc5 21. dxc5 Rxc5 22. Rxc5 Rxc5 23. Rxc5 Qxc5 24. Qxc5 Nxc5 25. Nd4 g6 26. Nc6 a6 27. Nb4 Kf8 28. Nxd5 Ke8 29. Nf6+ Ke7 30. Ng8+ Ke6 31. Nxh6 f5 32. g4 Na4 33. g5 Nc3 34. a3 a5 35. Kf1 Nb5 36. Ke2 Nxa3 37. Kd3 Nb5 38. f3 Nd6 39. Kc3 a4 40. Ng8 a3 41. Kb3 Nc4 42. e4 Nd2+ 43. Kxa3 f4 44. Nf6 Nxf3 45. Ng4 Nxg5 46. Nf2 Ke5 47. h4 Nxe4 48. Ng4+ Kf5 49. Nh6+ Ke6 50. Ng4 f3 51. Ne3 Ke5 52. Kb2 Kf4 53. Nf1 Ng3 54. Nh2 f2 55. Kc2 f1Q 56. Nxf1 Nxf1 57. h5 gxh5 58. Kd1 Kg3 59. Ke1 Kg2 0-1

[Event "Krasnodar Winter A Rating"]
[Site "Krasnodar"]
[Date "2011.01.25"]
[Round "2"]
[White "Papazian, Sergey"]
[Black "Sluzhilov, Aleksandr"]
[Result "0-1"]
[WhiteElo "1994"]
[BlackElo "2041"]
[PlyCount "86"]
[EventDate "2011.01.24"]
[EventType "tourn"]
[EventRounds "13"]
[EventCountry "RUS"]
[SourceTitle "EXT 2022"]
[Source "ChessBase"]
[SourceDate "2021.10.06"]
[SourceVersion "1"]
[SourceVersionDate "2021.10.06"]
[SourceQuality "1"]

1. d4 d5 2. Nf3 e6 3. g3 c6 4. Bg2 Nf6 5. 0-0 Nbd7 6. b3 Be7 7. c4 0-0 8. Nbd2 Re8 9. Qc2 Bf8 10. Rd1 g6 11. Bb2 Bg7 12. Ne5 Nxe5 13. dxe5 Ng4 14. Nf3 Qb6 15. e3 f6 16. exf6 Nxf6 17. Ne5 Qc7 18. Rac1 Qe7 19. a3 Rf8 20. b4 Nd7 21. Nxd7 Bxd7 22. e4 dxe4 23. Bxg7 Qxg7 24. Qxe4 e5 25. Qe3 Bg4 26. Re1 Qf6 27. h3 Bd7 28. Rc2 Rfe8 29. Rce2 Re7 30. Qc3 Rf8 31. f4 Rfe8 32. fxe5 Qg5 33. Kh2 Be6 34. c5 Rd7 35. Rf2 Red8 36. Re3 Rd1 37. a4 Qh5 38. b5 R8d4 39. bxc6 bxc6 40. Qb2 Bxh3 41. Bxh3 Rh1+ 42. Kg2 Qxh3+ 43. Kf3 Rf4+ 0-1

[Event "Krasnodar Winter A Rating"]
[Site "Krasnodar"]
[Date "2011.01.24"]
[Round "1"]
[White "Morozov, Ruslan"]
[Black "Papazian, Sergey"]
[Result "0-1"]
[WhiteElo "1952"]
[BlackElo "1994"]
[PlyCount "112"]
[EventDate "2011.01.24"]
[EventType "tourn"]
[EventRounds "13"]
[EventCountry "RUS"]
[SourceTitle "EXT 2022"]
[Source "ChessBase"]
[SourceDate "2021.10.06"]
[SourceVersion "1"]
[SourceVersionDate "2021.10.06"]
[SourceQuality "1"]

1. Nc3 Nf6 2. d4 d5 3. Bf4 Bf5 4. f3 e6 5. g4 Bg6 6. h4 h6 7. e3 Bd6 8. Nh3 a6 9. Bxd6 Qxd6 10. Nf4 Bh7 11. g5 Nfd7 12. g6 Bxg6 13. Nxg6 Qg3+ 14. Kd2 Qxg6 15. Bd3 Qf6 16. Qe2 Nc6 17. Rag1 Nb4 18. Qg2 Nxd3 19. Kxd3 g6 20. e4 0-0-0 21. e5 Qf5+ 22. Kd2 Qf4+ 23. Kd3 c5 24. Qg4 Qxd4+ 25. Qxd4 cxd4 26. Kxd4 Nb8 27. f4 Nc6+ 28. Kd3 h5 29. a3 b5 30. Ne2 Kb7 31. c3 Rc8 32. Rc1 Na5 33. Nd4 Rc7 34. Rhf1 Rhc8 35. Rc2 Kb6 36. Rff2 Nb7 37. b4 a5 38. Rfe2 a4 39. Re3 Nd8 40. Kd2 Rc4 41. Rd3 Nc6 42. Nxc6 Kxc6 43. Rd4 Kd7 44. Kd3 Ke7 45. Rc1 Rxd4+ 46. Kxd4 Rc4+ 47. Ke3 f6 48. exf6+ Kxf6 49. Rc2 Kf5 50. Rg2 Rxc3+ 51. Kd4 Rc4+ 52. Ke3 Re4+ 53. Kd3 Rxf4 54. Rc2 Rc4 55. Rf2+ Ke5 56. Rf8 Rxh4 0-1

[Event "Krasnodar Region-ch"]
[Site "Krasnodar"]
[Date "2010.10.21"]
[Round "6"]
[White "Panarin, Vladimir"]
[Black "Papazian, Sergey"]
[Result "1-0"]
[WhiteElo "2110"]
[BlackElo "1993"]
[PlyCount "117"]
[EventDate "2010.10.16"]
[EventType "swiss"]
[EventRounds "9"]
[EventCountry "RUS"]
[SourceTitle "EXT 2022"]
[Source "ChessBase"]
[SourceDate "2021.10.06"]
[SourceVersion "1"]
[SourceVersionDate "2021.10.06"]
[SourceQuality "1"]

1. e4 c5 2. Nf3 Nc6 3. Bb5 Nf6 4. Qe2 g6 5. c3 Bg7 6. e5 Nd5 7. 0-0 0-0 8. Qc4 Qb6 9. Qxd5 Qxb5 10. Na3 Qa5 11. Nc4 Qc7 12. Qxc5 b6 13. Qb5 Bb7 14. Re1 Rac8 15. d3 Nb8 16. Ncd2 a6 17. Qb3 Nc6 18. d4 b5 19. a4 b4 20. cxb4 Qb6 21. b5 Nxd4 22. Nxd4 Qxd4 23. bxa6 Bxa6 24. Nf3 Qa7 25. Be3 Qa8 26. Bb6 Rc4 27. a5 Rfc8 28. Qa3 d6 29. exd6 exd6 30. Qxd6 Bxb2 31. Rad1 Bc3 32. Re3 Bb4 33. Qf6 R4c6 34. Qg5 Bc5 35. Bxc5 Rxc5 36. Re5 Rxe5 37. Nxe5 Be2 38. Ra1 Qa6 39. Qf4 f6 40. Ng4 Kg7 41. h3 g5 42. Qe3 Rc7 43. Qe4 Bd3 44. Qd4 Bf5 45. Ne3 Be6 46. Nd5 Rf7 47. Ne3 Rd7 48. Qc5 Kg6 49. Rb1 Qe2 50. Qf8 Rd2 51. Qe8+ Bf7 52. Qe4+ Kg7 53. Nf5+ Kh8 54. Rb8+ Bg8 55. Qxe2 Rxe2 56. a6 Re5 57. Nh6 Kg7 58. Rxg8+ Kxh6 59. a7 1-0

[Event "Krasnodar Spring-B"]
[Site "Krasnodar"]
[Date "2010.04.09"]
[Round "6"]
[White "Papazian, Sergey"]
[Black "Bondarev, Boris"]
[Result "1/2-1/2"]
[WhiteElo "1956"]
[BlackElo "2140"]
[PlyCount "115"]
[EventDate "2010.04.08"]
[EventType "tourn"]
[EventRounds "13"]
[EventCountry "RUS"]
[SourceTitle "EXT 2012"]
[Source "ChessBase"]
[SourceDate "2011.11.24"]
[SourceVersion "1"]
[SourceVersionDate "2011.11.24"]
[SourceQuality "1"]

1. d4 Nf6 2. Nf3 b6 3. g3 Bb7 4. Bg2 e6 5. 0-0 c5 6. c4 cxd4 7. Qxd4 Nc6 8. Qd1 d5 9. Qa4 Qd7 10. Nc3 Bb4 11. cxd5 exd5 12. Ne5 Qd6 13. Bf4 Bxc3 14. Nxf7 Qb4 15. Nd6+ Ke7 16. Qd1 Be5 17. Bxe5 Nxe5 18. Nxb7 Qb5 19. e4 dxe4 20. Qd6+ Kf7 21. Rac1 Rhe8 22. Qc7+ Kg6 23. Nd6 Qxb2 24. Nxe8 Rxe8 25. Qc2 Qxc2 26. Rxc2 Nd3 27. Rc7 a5 28. Rd1 Nb4 29. a3 Nbd5 30. Rc6 Kf7 31. Bf1 Re5 32. Bc4 Ke7 33. Bxd5 Nxd5 34. a4 Re6 35. Rc8 e3 36. fxe3 Nxe3 37. Rdd8 Kf6 38. Rf8+ Kg6 39. Rce8 Rxe8 40. Rxe8 Nc4 41. Re4 Nb2 42. Rd4 Kf5 43. Kf2 Ke5 44. Ke3 h5 45. h4 g6 46. Rf4 Kd5 47. Rd4+ Kc5 48. Ke4 Nc4 49. Kd3 Na3 50. Rf4 b5 51. axb5 Nxb5 52. Rf6 a4 53. Rxg6 a3 54. Kc2 Kb4 55. g4 Nd4+ 56. Kd3 Nf3 57. Ke3 Nxh4 58. Rb6+ 1/2-1/2

[Event "Krasnodar Spring-B"]
[Site "Krasnodar"]
[Date "2010.04.09"]
[Round "5"]
[White "Piven, Vladimir"]
[Black "Papazian, Sergey"]
[Result "1/2-1/2"]
[WhiteElo "1851"]
[BlackElo "1956"]
[PlyCount "67"]
[EventDate "2010.04.08"]
[EventType "tourn"]
[EventRounds "13"]
[EventCountry "RUS"]
[SourceTitle "EXT 2012"]
[Source "ChessBase"]
[SourceDate "2011.11.24"]
[SourceVersion "1"]
[SourceVersionDate "2011.11.24"]
[SourceQuality "1"]

1. Nf3 Nf6 2. b3 g6 3. Bb2 Bg7 4. g3 d6 5. Bg2 e5 6. d3 0-0 7. 0-0 c6 8. Nbd2 Nbd7 9. e4 Re8 10. Re1 Nf8 11. Nf1 a5 12. a4 d5 13. c4 d4 14. h4 h5 15. N1h2 c5 16. Bc1 N8h7 17. Ng5 Nxg5 18. Bxg5 Qd6 19. Qd2 Ng4 20. Nxg4 Bxg4 21. Kh2 f6 22. Bh6 Kh7 23. Bxg7 Kxg7 24. Bh3 Qd7 25. Bxg4 Qxg4 26. Qe2 Qxe2 27. Rxe2 Rf8 28. Kg2 b6 29. Rf1 Ra7 30. f4 Raf7 31. fxe5 fxe5 32. Ref2 Rxf2+ 33. Rxf2 Rxf2+ 34. Kxf2 1/2-1/2

[Event "Krasnodar Spring-B"]
[Site "Krasnodar"]
[Date "2010.04.08"]
[Round "1"]
[White "Papazian, Sergey"]
[Black "Sluzhilov, Aleksandr"]
[Result "1/2-1/2"]
[WhiteElo "1956"]
[BlackElo "2002"]
[PlyCount "84"]
[EventDate "2010.04.08"]
[EventType "tourn"]
[EventRounds "13"]
[EventCountry "RUS"]
[SourceTitle "EXT 2012"]
[Source "ChessBase"]
[SourceDate "2011.11.24"]
[SourceVersion "1"]
[SourceVersionDate "2011.11.24"]
[SourceQuality "1"]

1. d4 Nf6 2. Nf3 d5 3. g3 c5 4. Bg2 cxd4 5. 0-0 g6 6. Qxd4 Nc6 7. Qh4 h6 8. Rd1 Qb6 9. Nc3 Bf5 10. Nxd5 Nxd5 11. Rxd5 Bxc2 12. Qc4 Bf5 13. Qc3 Rg8 14. Be3 Qa6 15. Nd4 Bg7 16. Rd1 Be6 17. Rc5 Nxd4 18. Bxd4 Rd8 19. e3 Qa4 20. b3 Qxa2 21. Bxb7 Bxd4 22. Rxd4 Rxd4 23. exd4 f6 24. Bd5 Qb1+ 25. Kg2 Bxd5+ 26. Rxd5 Qe4+ 27. Qf3 Qxf3+ 28. Kxf3 e6 29. Rb5 Rf8 30. Rb8+ Ke7 31. Rb7+ Kd6 32. Rxa7 Rb8 33. Ra3 Kd5 34. Ke3 Rb5 35. f3 h5 36. Kd3 g5 37. Kc3 Rb6 38. Ra5+ Kd6 39. b4 Rc6+ 40. Kd3 Rc1 41. b5 Rd1+ 42. Ke3 Re1+ 1/2-1/2

[Event "Krasnodar Cup op"]
[Site "Krasnodar"]
[Date "2009.12.19"]
[Round "8"]
[White "Papazian, Sergey"]
[Black "Grishin, Pavel"]
[Result "1-0"]
[WhiteElo "1952"]
[BlackElo "2179"]
[PlyCount "85"]
[EventDate "2009.12.12"]
[EventType "swiss"]
[EventRounds "9"]
[EventCountry "RUS"]
[SourceTitle "EXT 2012"]
[Source "ChessBase"]
[SourceDate "2011.11.24"]
[SourceVersion "1"]
[SourceVersionDate "2011.11.24"]
[SourceQuality "1"]

1. d4 d5 2. Nf3 Nf6 3. g3 Bf5 4. Bg2 h6 5. 0-0 e6 6. c4 c5 7. Nc3 Nc6 8. cxd5 exd5 9. Bf4 c4 10. Ne5 Rc8 11. Qa4 a6 12. Rad1 Be7 13. e4 Be6 14. Rfe1 0-0 15. exd5 Nb4 16. dxe6 b5 17. exf7+ Kh7 18. Nxb5 axb5 19. Qxb5 Nc2 20. Nc6 Rxc6 21. Qxc6 Nxe1 22. Rxe1 Rxf7 23. Qe6 Bb4 24. Qxf7 Bxe1 25. Qxc4 Ng4 26. d5 Bxf2+ 27. Kh1 Ba7 28. Be4+ Kh8 29. Bf5 Nf6 30. Qc8 Qxc8 31. Bxc8 Nxd5 32. Bd2 Bd4 33. b4 Nb6 34. Be6 Kh7 35. Kg2 Kg6 36. Bb3 Kf5 37. Kf3 Nc8 38. Be3 Bc3 39. Bc5 Ke5 40. a4 Kf6 41. a5 Ne7 42. a6 Nc6 43. Bd5 1-0

[Event "Krasnodar Spring Rating"]
[Site "Krasnodar"]
[Date "2009.04.02"]
[Round "4"]
[White "Bondarev, Boris"]
[Black "Papazian, Sergey"]
[Result "1-0"]
[WhiteElo "2087"]
[BlackElo "1942"]
[PlyCount "107"]
[EventDate "2009.04.02"]
[EventType "tourn"]
[EventRounds "12"]
[EventCountry "RUS"]
[SourceTitle "EXT 2022"]
[Source "ChessBase"]
[SourceDate "2021.10.06"]
[SourceVersion "1"]
[SourceVersionDate "2021.10.06"]
[SourceQuality "1"]

1. e4 c5 2. Nf3 d6 3. c3 Nf6 4. e5 dxe5 5. Nxe5 Qc7 6. d4 e6 7. Bb5+ Nbd7 8. 0-0 Bd6 9. f4 0-0 10. Nd2 cxd4 11. cxd4 Nb6 12. Bd3 Nbd5 13. Ndc4 Be7 14. g4 Nb4 15. g5 Nxd3 16. gxf6 Nxe5 17. fxe7 Nxc4 18. exf8Q+ Kxf8 19. Qc2 Qc6 20. Qxh7 b5 21. b3 Bb7 22. Qh3 Nd6 23. Ba3 Ke8 24. Bxd6 Qxd6 25. Rad1 Qd5 26. Kf2 g6 27. Rfe1 Rc8 28. Rd2 Rc3 29. Re3 Rc1 30. Rc3 Rxc3 31. Qxc3 Qg2+ 32. Ke1 Qg1+ 33. Ke2 Qxh2+ 34. Kd1 Qxf4 35. Kc2 Be4+ 36. Kb2 g5 37. Qb4 a6 38. d5 exd5 39. Qc3 Ke7 40. Qd4 f6 41. Qa7+ Ke6 42. Qb6+ Kf7 43. Rf2 Qe5+ 44. Ka3 Kg6 45. Qc5 g4 46. Qf8 g3 47. Qg8+ Kh6 48. Qf8+ Kg6 49. Re2 a5 50. Re3 b4+ 51. Ka4 d4 52. Rxg3+ Qxg3 53. Qg8+ Kf5 54. Qxg3 1-0

[Event "Krasnodar Spring Rating"]
[Site "Krasnodar"]
[Date "2009.04.02"]
[Round "2"]
[White "Frolov, Lev"]
[Black "Papazian, Sergey"]
[Result "1-0"]
[WhiteElo "1814"]
[BlackElo "1942"]
[PlyCount "31"]
[EventDate "2009.04.02"]
[EventType "tourn"]
[EventRounds "12"]
[EventCountry "RUS"]
[SourceTitle "EXT 2022"]
[Source "ChessBase"]
[SourceDate "2021.10.06"]
[SourceVersion "1"]
[SourceVersionDate "2021.10.06"]
[SourceQuality "1"]

1. d4 Nf6 2. c4 g6 3. Nc3 d5 4. cxd5 Nxd5 5. e4 Nxc3 6. bxc3 c5 7. Bb5+ Nc6 8. d5 Qa5 9. Qa4 Qxc3+ 10. Ke2 Qxa1 11. dxc6 Kd8 12. Nf3 bxc6 13. Qa5+ Ke8 14. Bxc6+ Bd7 15. Bxd7+ Kxd7 16. Rd1+ 1-0

[Event "Krasnodar Spring Rating"]
[Site "Krasnodar"]
[Date "2009.04.02"]
[Round "8"]
[White "Papazian, Sergey"]
[Black "Chigrinova, Marina"]
[Result "1-0"]
[WhiteElo "1942"]
[BlackElo "1856"]
[PlyCount "81"]
[EventDate "2009.04.02"]
[EventType "tourn"]
[EventRounds "12"]
[EventCountry "RUS"]
[SourceTitle "EXT 2022"]
[Source "ChessBase"]
[SourceDate "2021.10.06"]
[SourceVersion "1"]
[SourceVersionDate "2021.10.06"]
[SourceQuality "1"]

1. d4 Nf6 2. Nf3 e6 3. g3 b6 4. Bg2 Bb7 5. 0-0 d6 6. c4 Nbd7 7. Nc3 c5 8. d5 exd5 9. cxd5 Be7 10. h3 0-0 11. Re1 Re8 12. e4 Bf8 13. Bf4 Nh5 14. Bg5 Be7 15. Bc1 Bf8 16. g4 Nhf6 17. Bf4 a6 18. a4 Rc8 19. Qc2 Qc7 20. b3 Kh8 21. Rad1 Ng8 22. Ng5 Ne5 23. Bxe5 dxe5 24. Bf1 Bd6 25. Nf3 Ne7 26. Nd2 Ng6 27. Nc4 Rcd8 28. Nxd6 Rxd6 29. Ne2 Nh4 30. Rd3 Rf6 31. Bg2 a5 32. Ng3 Ba6 33. Rc3 Ng6 34. Nh5 Rd6 35. Bf1 Bxf1 36. Rxf1 Qe7 37. Qd3 Nf4 38. Nxf4 exf4 39. Re1 Qf6 40. Rcc1 Re5 41. Rcd1 1-0

[Event "Krasnodar Spring Rating"]
[Site "Krasnodar"]
[Date "2009.04.02"]
[Round "6"]
[White "Papazian, Sergey"]
[Black "Frolov, Oleg"]
[Result "1-0"]
[WhiteElo "1942"]
[BlackElo "1849"]
[PlyCount "65"]
[EventDate "2009.04.02"]
[EventType "tourn"]
[EventRounds "12"]
[EventCountry "RUS"]
[SourceTitle "EXT 2022"]
[Source "ChessBase"]
[SourceDate "2021.10.06"]
[SourceVersion "1"]
[SourceVersionDate "2021.10.06"]
[SourceQuality "1"]

1. d4 d5 2. Nf3 e6 3. g3 Nf6 4. Bg2 c5 5. 0-0 Nc6 6. c4 cxd4 7. Nxd4 Qb6 8. Nxc6 bxc6 9. Nc3 Bb7 10. e4 d4 11. Na4 Qd8 12. e5 Ng8 13. b4 Qd7 14. c5 Ba6 15. Re1 Rb8 16. a3 Ne7 17. Bb2 Bb5 18. Re4 d3 19. Rd4 Nd5 20. Nc3 Ba6 21. Ne4 Be7 22. Qg4 Kf8 23. Nd6 f5 24. Qh5 Bxd6 25. exd6 Nf6 26. Qg5 Kf7 27. Re1 h6 28. Qe3 Rhe8 29. Qe5 Kf8 30. Rh4 h5 31. Bf3 Rb7 32. Qf4 Bb5 33. Qg5 1-0

[Event "Krasnodar Spring Rating"]
[Site "Krasnodar"]
[Date "2009.04.02"]
[Round "11"]
[White "Savelenko, Arseny"]
[Black "Papazian, Sergey"]
[Result "0-1"]
[WhiteElo "2063"]
[BlackElo "1942"]
[PlyCount "50"]
[EventDate "2009.04.02"]
[EventType "tourn"]
[EventRounds "12"]
[EventCountry "RUS"]
[SourceTitle "EXT 2022"]
[Source "ChessBase"]
[SourceDate "2021.10.06"]
[SourceVersion "1"]
[SourceVersionDate "2021.10.06"]
[SourceQuality "1"]

1. e4 c5 2. Nf3 d6 3. d4 cxd4 4. Nxd4 Nf6 5. Nc3 a6 6. Bg5 e6 7. Qd2 Be7 8. 0-0-0 Nbd7 9. f3 Qc7 10. g4 b5 11. Be3 Ne5 12. Bxb5+ axb5 13. Ndxb5 Qb8 14. Qe2 Ba6 15. g5 Nfd7 16. f4 Nc6 17. f5 Bxb5 18. Qxb5 Qxb5 19. Nxb5 Rxa2 20. Kb1 Ra5 21. Nxd6+ Bxd6 22. Rxd6 0-0 23. c3 Nde5 24. Bf4 exf5 25. exf5 Na7 0-1

[Event "Krasnodar Spring Rating"]
[Site "Krasnodar"]
[Date "2009.04.02"]
[Round "9"]
[White "Sverkunov, Oleg"]
[Black "Papazian, Sergey"]
[Result "1/2-1/2"]
[WhiteElo "1895"]
[BlackElo "1942"]
[PlyCount "77"]
[EventDate "2009.04.02"]
[EventType "tourn"]
[EventRounds "12"]
[EventCountry "RUS"]
[SourceTitle "EXT 2022"]
[Source "ChessBase"]
[SourceDate "2021.10.06"]
[SourceVersion "1"]
[SourceVersionDate "2021.10.06"]
[SourceQuality "1"]

1. e4 c5 2. Nf3 d6 3. d4 cxd4 4. Nxd4 Nf6 5. Nc3 a6 6. Be2 e5 7. Nf3 h6 8. h3 Be6 9. 0-0 Be7 10. a4 Nc6 11. Be3 0-0 12. Nd2 d5 13. exd5 Nxd5 14. Nxd5 Bxd5 15. Nc4 Be4 16. c3 Bg6 17. Qb3 Qc7 18. a5 Kh7 19. Nb6 Rad8 20. Nd5 Qc8 21. Nxe7 Nxe7 22. Bb6 Rd2 23. Bc4 Qc6 24. Be3 Rd7 25. Rad1 Rxd1 26. Rxd1 f5 27. Qb4 Re8 28. Bb3 Qc8 29. Bb6 f4 30. Ba4 Nc6 31. Qd6 Bf5 32. Re1 f3 33. Bxc6 bxc6 34. Rxe5 Rxe5 35. Qxe5 fxg2 36. Bd4 Qd7 37. Kxg2 Bxh3+ 38. Kh2 Bf1 39. Qg3 1/2-1/2